|
|
|
|
| LEADER |
00000nam0a2200000 4500 |
| 001 |
126385 |
| 005 |
20231031131845.0 |
| 020 |
|
|
|a RU
|b 81-51693
|
| 035 |
|
|
|a (RuTPU)RU\TPU\book\136725
|
| 090 |
|
|
|a 126385
|
| 100 |
|
|
|a 20071127d1981 km y0rusy5003 ca
|
| 101 |
0 |
|
|a rus
|
| 102 |
|
|
|a RU
|
| 105 |
|
|
|a a z 000zy
|
| 200 |
1 |
|
|a Статистические методы планирования эксперимента в технико-экономических исследованиях
|f В. А. Вознесенский
|
| 205 |
|
|
|a 2-е изд., перераб. и доп.
|
| 210 |
|
|
|a Москва
|c Финансы и статистика
|d 1981
|
| 215 |
|
|
|a 263 с.
|c ил.
|
| 225 |
1 |
|
|a Математическая статистика для экономистов
|
| 610 |
1 |
|
|a эксперименты
|
| 610 |
1 |
|
|a планирование
|
| 610 |
1 |
|
|a статистические методы
|
| 610 |
1 |
|
|a статистические модели
|
| 610 |
1 |
|
|a наблюдение
|
| 610 |
1 |
|
|a полиномиальные модели
|
| 610 |
1 |
|
|a принятие решений
|
| 610 |
1 |
|
|a примеры
|
| 686 |
|
|
|a Ч215
|2 rubbk
|
| 700 |
|
1 |
|a Вознесенский
|b В. А.
|g Виталий Анатольевич
|
| 801 |
|
0 |
|a RU
|b RuMRKP
|c 19950704
|g psbo
|
| 801 |
|
1 |
|a RU
|b 63413507
|c 20071127
|g PSBO
|
| 801 |
|
2 |
|a RU
|b 63413507
|c 20201211
|g PSBO
|
| 942 |
|
|
|c BK
|